<?xml version="1.0" encoding="UTF-8"?>
<record
    xmlns:xsi="http://www.w3.org/2001/XMLSchema-instance"
    xsi:schemaLocation="http://www.loc.gov/MARC21/slim http://www.loc.gov/standards/marcxml/schema/MARC21slim.xsd"
    xmlns="http://www.loc.gov/MARC21/slim">

  <leader>01809nam0a22003851  4500</leader>
  <controlfield tag="001">v19\rc\1522456</controlfield>
  <controlfield tag="005">20250618194037.0</controlfield>
  <datafield tag="035" ind1=" " ind2=" ">
    <subfield code="a">(NLR Aleph) 004682226</subfield>
  </datafield>
  <datafield tag="090" ind1=" " ind2=" ">
    <subfield code="a">3822903</subfield>
    <subfield code="c">3822903</subfield>
  </datafield>
  <datafield tag="100" ind1=" " ind2=" ">
    <subfield code="a">20060620d1886    |||y0rusy50      ca</subfield>
  </datafield>
  <datafield tag="101" ind1="0" ind2=" ">
    <subfield code="a">rus</subfield>
  </datafield>
  <datafield tag="102" ind1=" " ind2=" ">
    <subfield code="a">RU</subfield>
  </datafield>
  <datafield tag="105" ind1=" " ind2=" ">
    <subfield code="a">y   z   |||||</subfield>
  </datafield>
  <datafield tag="200" ind1="1" ind2=" ">
    <subfield code="a">&#x41E;&#x442;&#x432;&#x435;&#x442; &#x413;&#x43B;&#x438;&#x43D;&#x43A;&#x438;-&#x42F;&#x43D;&#x447;&#x435;&#x432;&#x441;&#x43A;&#x43E;&#x433;&#x43E; &#x43D;&#x430; &#x440;&#x435;&#x446;&#x435;&#x43D;&#x437;&#x438;&#x44E; &#x433;. &#x415;.&#x418;., &#x43F;&#x43E;&#x43C;&#x435;&#x449;&#x435;&#x43D;&#x43D;&#x443;&#x44E; &#x432; "&#x420;&#x443;&#x441;&#x441;&#x43A;&#x43E;&#x43C; &#x438;&#x43D;&#x432;&#x430;&#x43B;&#x438;&#x434;&#x435;" &#x43E; &#x441;&#x43E;&#x447;&#x438;&#x43D;&#x435;&#x43D;&#x438;&#x438; "&#x41A;&#x440;&#x435;&#x43F;&#x43E;&#x441;&#x442;&#x438;-&#x43B;&#x430;&#x433;&#x435;&#x440;&#x438;"</subfield>
  </datafield>
  <datafield tag="210" ind1=" " ind2=" ">
    <subfield code="a">[&#x421;&#x430;&#x43D;&#x43A;&#x442;-&#x41F;&#x435;&#x442;&#x435;&#x440;&#x431;&#x443;&#x440;&#x433;]</subfield>
    <subfield code="c">&#x442;&#x438;&#x43F;. &#x42D;. &#x410;&#x440;&#x43D;&#x433;&#x43E;&#x43B;&#x44C;&#x434;&#x430;</subfield>
    <subfield code="d">&#x446;&#x435;&#x43D;&#x437;. 1886</subfield>
  </datafield>
  <datafield tag="215" ind1=" " ind2=" ">
    <subfield code="a">16 &#x441;.</subfield>
    <subfield code="d">28</subfield>
  </datafield>
  <datafield tag="300" ind1=" " ind2=" ">
    <subfield code="a">&#x412; &#x43A;&#x43E;&#x43D;&#x446;&#x435; &#x442;&#x435;&#x43A;&#x441;&#x442;&#x430; &#x430;&#x432;&#x442;. - &#x421;. &#x413;&#x43B;&#x438;&#x43D;&#x43A;&#x430;-&#x42F;&#x43D;&#x447;&#x435;&#x432;&#x441;&#x43A;&#x438;&#x439;</subfield>
  </datafield>
  <datafield tag="309" ind1=" " ind2=" ">
    <subfield code="a">&#x411;&#x435;&#x437; &#x442;&#x438;&#x442;. &#x43B;. &#x438; &#x43E;&#x431;&#x43B;.</subfield>
  </datafield>
  <datafield tag="532" ind1="1" ind2="2">
    <subfield code="a">&#x41E;&#x442;&#x432;&#x435;&#x442; &#x413;&#x43B;&#x438;&#x43D;&#x43A;&#x438;-&#x42F;&#x43D;&#x447;&#x435;&#x432;&#x441;&#x43A;&#x43E;&#x433;&#x43E; &#x43D;&#x430; &#x440;&#x435;&#x446;&#x435;&#x43D;&#x437;&#x438;&#x44E; &#x433;&#x43E;&#x441;&#x43F;&#x43E;&#x434;&#x438;&#x43D;&#x430; &#x415;.&#x418;., &#x43F;&#x43E;&#x43C;&#x435;&#x449;&#x435;&#x43D;&#x43D;&#x443;&#x44E; &#x432; "&#x420;&#x443;&#x441;&#x441;&#x43A;&#x43E;&#x43C; &#x438;&#x43D;&#x432;&#x430;&#x43B;&#x438;&#x434;&#x435;" &#x43E; &#x441;&#x43E;&#x447;&#x438;&#x43D;&#x435;&#x43D;&#x438;&#x438; "&#x41A;&#x440;&#x435;&#x43F;&#x43E;&#x441;&#x442;&#x438;-&#x43B;&#x430;&#x433;&#x435;&#x440;&#x438;"</subfield>
  </datafield>
  <datafield tag="604" ind1=" " ind2=" ">
    <subfield code="1">50010$a&#x41A;&#x440;&#x435;&#x43F;&#x43E;&#x441;&#x442;&#x438;-&#x43B;&#x430;&#x433;&#x435;&#x440;&#x438;</subfield>
    <subfield code="1">700#1$a&#x413;&#x43B;&#x438;&#x43D;&#x43A;&#x430;-&#x42F;&#x43D;&#x447;&#x435;&#x432;&#x441;&#x43A;&#x438;&#x439;$b&#x421;.&#x41A;.$f1844-$g&#x421;&#x432;&#x44F;&#x442;&#x43E;&#x441;&#x43B;&#x430;&#x432; &#x41A;&#x430;&#x437;&#x438;&#x43C;&#x438;&#x440;&#x43E;&#x432;&#x438;&#x447;$9z02790</subfield>
  </datafield>
  <datafield tag="700" ind1=" " ind2="1">
    <subfield code="9">z01790</subfield>
    <subfield code="a">&#x413;&#x43B;&#x438;&#x43D;&#x43A;&#x430;-&#x42F;&#x43D;&#x447;&#x435;&#x432;&#x441;&#x43A;&#x438;&#x439;</subfield>
    <subfield code="b">&#x421;.&#x41A;.</subfield>
    <subfield code="f">1844-</subfield>
    <subfield code="g">&#x421;&#x432;&#x44F;&#x442;&#x43E;&#x441;&#x43B;&#x430;&#x432; &#x41A;&#x430;&#x437;&#x438;&#x43C;&#x438;&#x440;&#x43E;&#x432;&#x438;&#x447;</subfield>
  </datafield>
  <datafield tag="702" ind1=" " ind2="0">
    <subfield code="a">&#x415;.&#x418;.</subfield>
    <subfield code="4">570</subfield>
  </datafield>
  <datafield tag="790" ind1=" " ind2="1">
    <subfield code="9">z01700</subfield>
    <subfield code="a">&#x42F;&#x43D;&#x447;&#x435;&#x432;&#x441;&#x43A;&#x438;&#x439;</subfield>
    <subfield code="b">&#x421;.&#x41A;.</subfield>
    <subfield code="f">1844-</subfield>
    <subfield code="g">&#x421;&#x432;&#x44F;&#x442;&#x43E;&#x441;&#x43B;&#x430;&#x432; &#x41A;&#x430;&#x437;&#x438;&#x43C;&#x438;&#x440;&#x43E;&#x432;&#x438;&#x447;</subfield>
  </datafield>
  <datafield tag="790" ind1=" " ind2="1">
    <subfield code="9">z02700</subfield>
    <subfield code="a">&#x42F;&#x43D;&#x447;&#x435;&#x432;&#x441;&#x43A;&#x438;&#x439;</subfield>
    <subfield code="b">&#x421;.&#x41A;.</subfield>
    <subfield code="f">1844-</subfield>
    <subfield code="g">&#x421;&#x432;&#x44F;&#x442;&#x43E;&#x441;&#x43B;&#x430;&#x432; &#x41A;&#x430;&#x437;&#x438;&#x43C;&#x438;&#x440;&#x43E;&#x432;&#x438;&#x447;</subfield>
  </datafield>
  <datafield tag="801" ind1=" " ind2="0">
    <subfield code="a">RU</subfield>
    <subfield code="b">NLR</subfield>
    <subfield code="g">psbo</subfield>
  </datafield>
  <datafield tag="801" ind1=" " ind2="0">
    <subfield code="a">RU</subfield>
    <subfield code="b">RuMoRGB</subfield>
    <subfield code="2">psbo</subfield>
  </datafield>
  <datafield tag="801" ind1=" " ind2="1">
    <subfield code="a">RU</subfield>
    <subfield code="b">ProSoft-M</subfield>
    <subfield code="2">rusmarc</subfield>
  </datafield>
  <datafield tag="852" ind1=" " ind2=" ">
    <subfield code="a">NLR</subfield>
    <subfield code="j">18.191.1.317</subfield>
  </datafield>
  <datafield tag="899" ind1=" " ind2=" ">
    <subfield code="a">RuMoRGB</subfield>
    <subfield code="j">&#x394; 11/571</subfield>
  </datafield>
  <datafield tag="899" ind1=" " ind2=" ">
    <subfield code="a">RuMoRGB</subfield>
    <subfield code="j">&#x394; 122/170</subfield>
  </datafield>
  <datafield tag="899" ind1=" " ind2=" ">
    <subfield code="a">RuMoRGB</subfield>
    <subfield code="j">&#x394; 150/222</subfield>
  </datafield>
  <datafield tag="899" ind1=" " ind2=" ">
    <subfield code="a">RuMoRGB</subfield>
    <subfield code="j">O 54/594</subfield>
  </datafield>
  <datafield tag="899" ind1=" " ind2=" ">
    <subfield code="a">&#x411;&#x410;&#x41D;</subfield>
  </datafield>
  <datafield tag="942" ind1=" " ind2=" ">
    <subfield code="c">BOOK</subfield>
  </datafield>
  <datafield tag="980" ind1=" " ind2=" ">
    <subfield code="a">NB</subfield>
  </datafield>
  <datafield tag="995" ind1=" " ind2=" ">
    <subfield code="5">2013-10-26</subfield>
    <subfield code="b">NLR02</subfield>
    <subfield code="c">NLR02</subfield>
    <subfield code="e">RFS</subfield>
    <subfield code="f">4682226-10</subfield>
    <subfield code="k">18.191.1.317</subfield>
    <subfield code="o">0</subfield>
    <subfield code="r">BOOK</subfield>
    <subfield code="s">181911317_</subfield>
  </datafield>
  <datafield tag="995" ind1=" " ind2=" ">
    <subfield code="5">2013-10-26</subfield>
    <subfield code="b">NLR01</subfield>
    <subfield code="c">NLR01</subfield>
    <subfield code="e">TEMP</subfield>
    <subfield code="f">4682226-60</subfield>
    <subfield code="o">0</subfield>
    <subfield code="r">BOOK</subfield>
  </datafield>
</record>
